000 00788nam a22002177a 4500
001 6116
003 FISKH
005 20250314162819.0
008 250314b cb ||||| |||| 00| 0 eng d
040 _aFISKH
_bKhmer
_cFISKH
_dFISKH
050 _aPZ7
082 _a900
100 _aNgear,Treng
245 _aប្រវត្តិសាស្រ្តខ្មែរ :
_bសំរាប់មធ្យមសិក្សា និង ឧត្តមសិក្សា​ /
_cត្រឺង ងា​
260 _aPhnom Penh :
_bMinistry of education, youth and sport ;
_c2009.
300 _a281 pages :
_billustrations ;
_c25 cm .
650 _aប្រវត្តិសាស្រ្តខ្មែរ
650 _aKhmer Literature
942 _2ddc
_cBK
_n0
999 _c6116
_d6116